| 000 | 00544nam a2200181Ia 4500 | ||
|---|---|---|---|
| 008 | 100917s9999 xx 000 0 und d | ||
| 082 | _b34205 | ||
| 100 | _aठाकूर जनार्दन | ||
| 245 | _aहे नेते जनताचे | ||
| 260 |
_bुउत्कर्ष प्रकाशन _c1978 |
||
| 300 | _a219 | ||
| 365 | _b20 | ||
| 520 | _aनिबंध | ||
| 630 | _aहे नेते जनताचे | ||
| 650 | _aनिबंध | ||
| 730 | _aहे नेते जनताचे | ||
| 942 | _cBOOK | ||
| 999 |
_c639599 _d639596 |
||